How to be your own best friend : (Record no. 8520)
[ view plain ]
| 000 -LEADER | |
|---|---|
| fixed length control field | 00909cam a2200289 4500 |
| 001 - CONTROL NUMBER | |
| control field | 1723036 |
| 003 - CONTROL NUMBER IDENTIFIER | |
| control field | OSt |
| 005 - DATE AND TIME OF LATEST TRANSACTION | |
| control field | 20140310182028.0 |
| 008 - FIXED-LENGTH DATA ELEMENTS--GENERAL INFORMATION | |
| fixed length control field | 730710t19731971nyu 000 0 eng |
| 010 ## - LIBRARY OF CONGRESS CONTROL NUMBER | |
| LC control number | 73004029 |
| 020 ## - INTERNATIONAL STANDARD BOOK NUMBER | |
| International Standard Book Number | 345243331150 |
| 040 ## - CATALOGING SOURCE | |
| Original cataloging agency | DLC |
| Transcribing agency | DLC |
| Modifying agency | DLC |
| 050 00 - LIBRARY OF CONGRESS CALL NUMBER | |
| Classification number | BF 637 |
| Item number | .N551 1974 |
| 082 00 - DEWEY DECIMAL CLASSIFICATION NUMBER | |
| Classification number | HS 158.1 |
| Item number | N46 1971 |
| 100 1# - MAIN ENTRY--PERSONAL NAME | |
| Personal name | Newman, Mildred |
| Dates associated with a name | 1920- |
| 9 (RLIN) | 10050 |
| 245 10 - TITLE STATEMENT | |
| Title | How to be your own best friend : |
| Remainder of title | a conversation with two psychoanalysts / |
| Statement of responsibility, etc | Mildred Newman & Bernard Berkowitz with Jean Owen. |
| 250 ## - EDITION STATEMENT | |
| Edition statement | [1st ed.] |
| 260 ## - PUBLICATION, DISTRIBUTION, ETC. (IMPRINT) | |
| Place of publication, distribution, etc | New York : |
| Name of publisher, distributor, etc | Ballantine Books, |
| Date of publication, distribution, etc | c1971. |
| 300 ## - PHYSICAL DESCRIPTION | |
| Extent | 96 p. : |
| Dimensions | 18 cm. |
| 350 ## - PRICE (NR) (BK AM CF MU VM SE) [OBSOLETE] | |
| Price | $4.95 |
| 650 #0 - SUBJECT ADDED ENTRY--TOPICAL TERM | |
| Topical term or geographic name as entry element | Self-actualization (Psychology) |
| 9 (RLIN) | 78 |
| 700 1# - ADDED ENTRY--PERSONAL NAME | |
| Personal name | Berkowitz, Bernard, |
| Dates associated with a name | 1909- |
| Relator term | joint author. |
| 9 (RLIN) | 10051 |
| 700 1# - ADDED ENTRY--PERSONAL NAME | |
| Personal name | Owen, Jean. |
| 9 (RLIN) | 10052 |
| 906 ## - LOCAL DATA ELEMENT F, LDF (RLIN) | |
| a | 7 |
| b | cbc |
| c | orignew |
| d | 2 |
| e | ocip |
| f | 19 |
| g | y-gencatlg |
| 942 ## - ADDED ENTRY ELEMENTS (KOHA) | |
| Source of classification or shelving scheme | Library of Congress Classification |
| Koha item type | |
| Withdrawn status | Lost status | Source of classification or shelving scheme | Damaged status | Home library | Current library | Shelving location | Date acquired | Total Checkouts | Full call number | Barcode | Date last seen | Copy number | Price effective from | Koha item type |
|---|---|---|---|---|---|---|---|---|---|---|---|---|---|---|
| Library of Congress Classification | Luxembourg Library | Luxembourg Library | High School Section | 08/14/2013 | BF 637 .N551 1974 | 10562 | 03/20/2015 | 1 | 08/14/2013 | Books |